| 000 | 01846nam a22002777a 4500 | ||
|---|---|---|---|
| 999 |
_c58951 _d58951 |
||
| 003 | Ge_BSU | ||
| 005 | 20221024112512.0 | ||
| 008 | 221024s2009 ge ||||| |||| 00| 0 geo d | ||
| 020 | _a9789941404856 | ||
| 041 | _ageo | ||
| 080 | _a316.7 ზ-39 | ||
| 100 |
_aზაქარაძე, ლალი. _915467 |
||
| 245 |
_aკულტურის სოციოლოგია : _bკლასიკოსები, ცნებები, პრობლემები. ნაწ. 1 / _cლალი ზაქარაძე ; [რედ.: თენგიზ ირემაძე, გიორგი ბარამიძე ; შ. რუსთაველის სახ. სახელმწ. უნ-ტის ჰუმანიტ. მეცნ. ფაკ., ფილოს. დეპარტამენტი]. |
||
| 264 |
_aთბილისი : _b[ნეკერი], _c2009. |
||
| 300 |
_a157 გვ.; _b19 სმ. |
||
| 501 | _aსახ. საძ.: გვ. 153-157. | ||
| 504 | _aბიბლიოგრაფია: გვ. 146-152. | ||
| 653 | _aკულტურის სოციოლოგია | ||
| 653 | _aსაზოგადოება | ||
| 653 | _aცოდნის კულტურსოციოლოგია | ||
| 653 | _aკრიტიკული თეორიები კულტურის შესახებ | ||
| 700 |
_aირემაძე, თენგიზ _eრედაქტორი _92229 |
||
| 700 |
_aბარამიძე, გიორგი _eრედაქტორი _915468 |
||
| 710 |
_aშ. რუსთაველის სახელობის სახელმწიფო უნივერსიტეტი. _bჰუმანიტარულ მეცნიერებათა ფაკულტეტი. _915469 |
||
| 942 |
_2udc _cBK |
||